000 00604cam a2200205 4500500
005 20260405003043.0
041 _afre
042 _adc
100 1 0 _aEnjalbert, Cédric
_eauthor
245 0 0 _aOnfray-Proudhon, Même combat
260 _c2020.
500 _a87
690 _aFront populaire
690 _aMichel Onfray
690 _aPolitique
690 _aProudhon
690 _aSouverainisme
786 0 _nPhilosophie magazine | 140 | 7 | 2020-07-01 | p. 10-10 | 1951-1787
856 4 1 _uhttps://shs.cairn.info/magazine-philosophie-magazine-2020-7-page-10?lang=fr&redirect-ssocas=7080
999 _c2063980
_d2063980